00728nam a22002177a 45000050016000000100014000160200026000300350013000560370013000690820016000821000017000982450112001152500011002272600042002382700102002803000028003825000019004106500028004296500036004577000017004932010081106416.0 aENG-99674 a9788175347922c350.00 aEN-83206 bDBAD/PUB a344.5401252 aKumar, H. L. aPractical guide to employees's provident funds :bact, rules & schemes /cby H. L. Kumar [and] Gaurav Kumar a8th ed aDelhibUniversal Law Publishingc2009 aC-FF-1A, Dilkhush Industrial Estate, (Near Azadpur Metro Station) G.T. Karnal RoadbDelhie110033 axliii,442p.c24cm (pbk) aIncludes index aLabor law & legislation aOldge pension-law & legislation aGaurav Kumar